| Tag |
First Indicator |
Second Indicator |
Subfields |
| LEADER |
00000cam a2200000 a 4500 |
| 001 |
in00000035204 |
| 005 |
20151007055327.0 |
| 008 |
870508s1988 nyu b 00010deng |
| 010 |
|
|
|a 87014046
|
| 020 |
|
|
|a 0883446014
|
| 020 |
|
|
|a 0883446006 (pbk.)
|
| 035 |
|
|
|a (OCoLC)15792834
|
| 035 |
|
|
|9 AAB7910AM
|
| 040 |
|
|
|a DLC
|c DLC
|d TXA
|d UtOrBLW
|
| 049 |
|
|
|a TXAM
|c [A11507583]
|
| 050 |
0 |
0 |
|a HX51
|b .C636 1988
|
| 082 |
0 |
|
|a 335.7
|2 19
|
| 100 |
1 |
|
|a Cort, John C.
|
| 245 |
1 |
0 |
|a Christian socialism :
|b an informal history /
|c John C. Cort.
|
| 264 |
|
1 |
|a Maryknoll, N.Y. :
|b Orbis Books,
|c [1988]
|
| 264 |
|
4 |
|c ©1988
|
| 300 |
|
|
|a xiii, 402 pages ;
|c 24 cm.
|
| 336 |
|
|
|a text
|b txt
|2 rdacontent
|
| 337 |
|
|
|a unmediated
|b n
|2 rdamedia
|
| 338 |
|
|
|a volume
|b nc
|2 rdacarrier
|
| 504 |
|
|
|a Bibliography: pages 385-397.
|
| 650 |
|
0 |
|a Christian socialism.
|
| 650 |
|
0 |
|a Socialists
|v Biography.
|
| 999 |
|
|
|a MARS
|
| 999 |
f |
f |
|s d3a1d252-72d4-3219-a52f-da903c467692
|i fd27a58d-45f9-3293-bfc0-65f7abcd174c
|t 0
|
| 952 |
f |
f |
|p normal
|a Texas A&M University
|b College Station
|c Sterling C. Evans Library
|d Evans: Library Stacks
|t 0
|e HX51 .C636 1988
|h Library of Congress classification
|i unmediated -- volume
|m A14811507583
|
| 998 |
f |
f |
|a HX51 .C636 1988
|t 0
|l Evans: Library Stacks
|